[Event "448. Wednesday (05.08.2020)"]
[Site "Official B"]
[Date "2020.08.05"]
[Round "6"]
[White "Verteidigung"]
[Black "Serrano2003"]
[Result "1/2-1/2"]
[WhiteElo "1460"]
[BlackElo "1418"]
[Annotator "NA"]
[PlyCount "122"]
[EventDate "2020.08.05"]
[EventType "swiss (blitz)"]

1. c4 {[%emt 0:00:04]} e6 {[%emt 0:00:01]} 2. Nc3 {[%emt 0:00:01]} d5 {[%emt 0:00:01]} 3. e3 {[%emt 0:00:02]} dxc4 {[%emt 0:00:02]} 4. Bxc4 {[%emt 0:00:02]} c5 {[%emt 0:00:01]} 5. Nf3 {[%emt 0:00:03]} Nc6 {[%emt 0:00:02]} 6. O-O {[%emt 0:00:02]} Nf6 {[%emt 0:00:02]} 7. b3 {[%emt 0:00:02]} Be7 {[%emt 0:00:03]} 8. Bb2 {[%emt 0:00:02]} O-O {[%emt 0:00:02]} 9. a3 {[%emt 0:00:25]} Na5 {[%emt 0:00:15]} 10. d3 {[%emt 0:00:12]} Nxc4 {[%emt 0:00:02]} 11. dxc4 {[%emt 0:00:01]} Qxd1 {[%emt 0:00:02]} 12. Raxd1 {[%emt 0:00:01]} Bd7 {[%emt 0:00:02]} 13. e4 {[%emt 0:00:33]} Bc6 {[%emt 0:00:02]} 14. e5 {[%emt 0:00:02]} Ng4 {[%emt 0:00:07]} 15. h3 {[%emt 0:00:06]} Bxf3 {[%emt 0:00:03]} 16. hxg4 {[%emt 0:00:10]} Bxg4 {[%emt 0:00:02]} 17. Rd7 {[%emt 0:00:02]} Bg5 {[%emt 0:00:07]} 18. Rxb7 {[%emt 0:00:06]} Rfb8 {[%emt 0:00:03]} 19. Rxb8+ {[%emt 0:00:12]} Rxb8 {[%emt 0:00:02]} 20. Na4 {[%emt 0:01:06]} Rxb3 {[%emt 0:00:03]} 21. Bc1 {[%emt 0:00:03]} Bxc1 {[%emt 0:00:04]} 22. Rxc1 {[%emt 0:00:01]} Rxa3 {[%emt 0:00:03]} 23. Nxc5 {[%emt 0:00:01]} g6 {[%emt 0:00:04]} 24. Ne4 {[%emt 0:00:11]} Ra6 {[%emt 0:00:06]} 25. Nf6+ {[%emt 0:00:03]} Kg7 {[%emt 0:00:02]} 26. Nxg4 {[%emt 0:00:01]} h5 {[%emt 0:00:01]} 27. Nf6 {[%emt 0:00:04]} Rc6 {[%emt 0:00:02]} 28. f4 {[%emt 0:00:04]} a5 {[%emt 0:00:01]} 29. Ne8+ {[%emt 0:00:08]} Kf8 {[%emt 0:00:03]} 30. Nd6 {[%emt 0:00:01]} a4 {[%emt 0:00:02]} 31. Ra1 {[%emt 0:00:02]} Ra6 {[%emt 0:00:02]} 32. Ra3 {[%emt 0:00:01]} Ra5 {[%emt 0:00:04]} 33. Kf2 {[%emt 0:00:02]} Ke7 {[%emt 0:00:02]} 34. Ke3 {[%emt 0:00:02]} f6 {[%emt 0:00:01]} 35. Ke4 {[%emt 0:00:02]} fxe5 {[%emt 0:00:01]} 36. fxe5 {[%emt 0:00:01]} Kd7 {[%emt 0:00:07]} 37. Kd4 {[%emt 0:00:04]} Kc6 {[%emt 0:00:02]} 38. c5 {[%emt 0:00:03]} Rxc5 {[%emt 0:00:02]} 39. Rxa4 {[%emt 0:00:02]} Rc2 {[%emt 0:00:03]} 40. Ra6+ {[%emt 0:00:04]} Kc7 {[%emt 0:00:02]} 41. Ne8+ {[%emt 0:00:09]} Kd7 {[%emt 0:00:02]} 42. Ng7 {[%emt 0:00:03]} Rxg2 {[%emt 0:00:05]} 43. Rxe6 {[%emt 0:00:02]} h4 {[%emt 0:00:03]} 44. Ke4 {[%emt 0:00:03]} h3 {[%emt 0:00:02]} 45. Rd6+ {[%emt 0:00:03]} Ke7 {[%emt 0:00:02]} 46. Rd1 {[%emt 0:00:02]} h2 {[%emt 0:00:01]} 47. Rh1 {[%emt 0:00:02]} g5 {[%emt 0:00:03]} 48. Nf5+ {[%emt 0:00:03]} Ke6 {[%emt 0:00:04]} 49. Ne3 {[%emt 0:00:02]} Re2 {[%emt 0:00:02]} 50. Kf3 {[%emt 0:00:03]} Kxe5 {[%emt 0:00:04]} 51. Kxe2 {[%emt 0:00:01]} Kf4 {[%emt 0:00:01]} 52. Rxh2 {[%emt 0:00:01]} Ke4 {[%emt 0:00:03]} 53. Rg2 {[%emt 0:00:01]} Kf4 {[%emt 0:00:01]} 54. Kf2 {[%emt 0:00:02]} Ke5 {[%emt 0:00:03]} 55. Rxg5+ {[%emt 0:00:01]} Kd4 {[%emt 0:00:00]} 56. Kf3 {[%emt 0:00:01]} Kd3 {[%emt 0:00:01]} 57. Re5 {[%emt 0:00:01]} Kd2 {[%emt 0:00:01]} 58. Ke4 {[%emt 0:00:02]} Kc3 {[%emt 0:00:01]} 59. Rd5 {[%emt 0:00:01]} Kb4 {[%emt 0:00:01]} 60. Nd1 {[%emt 0:00:01]} Kb3 {[%emt 0:00:01]} 61. Kd3 {[%emt 0:00:01]} Kb4 {[%emt 0:00:01] Zeit (Lag: Av=0.59s, max=1.0s)} 1/2-1/2

[Event "448. Wednesday (05.08.2020)"]
[Site "Official B"]
[Date "2020.08.05"]
[Round "6"]
[White "Holzpferd"]
[Black "Handgottes"]
[Result "0-1"]
[WhiteElo "1448"]
[BlackElo "1579"]
[Annotator "NA"]
[PlyCount "68"]
[EventDate "2020.08.05"]
[EventType "swiss (blitz)"]

1. c4 {[%emt 0:00:02]} c6 {[%emt 0:00:02]} 2. Nc3 {[%emt 0:00:01]} d5 {[%emt 0:00:02]} 3. cxd5 {[%emt 0:00:01]} cxd5 {[%emt 0:00:02]} 4. e3 {[%emt 0:00:01]} Nf6 {[%emt 0:00:02]} 5. g3 {[%emt 0:00:01]} e6 {[%emt 0:00:08]} 6. Bg2 {[%emt 0:00:01]} Bd6 {[%emt 0:00:03]} 7. Nge2 {[%emt 0:00:01]} O-O {[%emt 0:00:04]} 8. O-O {[%emt 0:00:01]} Nbd7 {[%emt 0:00:04]} 9. b3 {[%emt 0:00:02]} Nc5 {[%emt 0:00:05]} 10. d3 {[%emt 0:00:04]} Bd7 {[%emt 0:00:05]} 11. Bb2 {[%emt 0:00:01]} Qb6 {[%emt 0:00:07]} 12. Rc1 {[%emt 0:00:04]} Be7 {[%emt 0:00:08]} 13. e4 {[%emt 0:00:06]} dxe4 {[%emt 0:00:07]} 14. dxe4 {[%emt 0:00:03]} Bc6 {[%emt 0:00:04]} 15. Nd4 {[%emt 0:00:09]} Rfd8 {[%emt 0:00:05]} 16. Nxc6 {[%emt 0:00:10]} Rxd1 {[%emt 0:00:08]} 17. Nxe7+ {[%emt 0:00:02]} Kf8 {[%emt 0:00:05]} 18. Rfxd1 {[%emt 0:00:05]} Kxe7 {[%emt 0:00:04]} 19. e5 {[%emt 0:00:03]} Nfd7 {[%emt 0:00:09]} 20. Ba3 {[%emt 0:00:16]} Qa5 {[%emt 0:00:10]} 21. Nb1 {[%emt 0:00:06]} Qb6 {[%emt 0:00:15]} 22. Rd6 {[%emt 0:00:30]} Qb5 {[%emt 0:00:16]} 23. Bf1 {[%emt 0:00:05]} Qa5 {[%emt 0:00:12]} 24. b4 {[%emt 0:00:05]} Qa4 {[%emt 0:00:10]} 25. bxc5 {[%emt 0:00:15]} Nxe5 {[%emt 0:00:05]} 26. Bg2 {[%emt 0:00:33]} Nc6 {[%emt 0:00:08]} 27. Rcd1 {[%emt 0:00:08]} Re8 {[%emt 0:00:11]} 28. Rd7+ {[%emt 0:00:02]} Kf6 {[%emt 0:00:04]} 29. Bb2+ {[%emt 0:00:05]} Kg6 {[%emt 0:00:05]} 30. h4 {[%emt 0:00:24]} Qxa2 {[%emt 0:00:05]} 31. h5+ {[%emt 0:00:05]} Kf5 {[%emt 0:00:06]} 32. Rxf7+ {[%emt 0:00:09]} Kg5 {[%emt 0:00:06]} 33. Rxg7+ {[%emt 0:00:09]} Kxh5 {[%emt 0:00:05]} 34. Bf3+ {[%emt 0:00:22]} Kh6 {[%emt 0:00:05] Holzpferd gibt auf (Lag: Av=1.30s, max=2.5s)} 0-1

[Event "448. Wednesday (05.08.2020)"]
[Site "Official B"]
[Date "2020.08.05"]
[Round "6"]
[White "Duckduck"]
[Black "Meini"]
[Result "0-1"]
[WhiteElo "1446"]
[BlackElo "1787"]
[Annotator "NA RC"]
[PlyCount "76"]
[EventDate "2020.08.05"]
[EventType "swiss (blitz)"]

1. d4 {[%emt 0:00:06]} d5 {[%emt 0:00:03]} 2. e3 {[%emt 0:00:00]} c6 {[%emt 0:00:01]} 3. a3 {[%emt 0:00:01]} Bf5 {[%emt 0:00:01]} 4. c4 {[%emt 0:00:02]} e6 {[%emt 0:00:02]} 5. Bd3 {[%emt 0:00:01]} Bg6 {[%emt 0:00:02]} 6. Nf3 {[%emt 0:00:01]} Nf6 {[%emt 0:00:02]} 7. b4 {[%emt 0:00:01]} Be7 {[%emt 0:00:03]} 8. Qc2 {[%emt 0:00:01]} Nbd7 {[%emt 0:00:04]} 9. c5 {[%emt 0:00:01]} Qc7 {[%emt 0:00:02]} 10. Bb2 {[%emt 0:00:02]} O-O {[%emt 0:00:11]} 11. O-O {[%emt 0:00:03]} Bxd3 {[%emt 0:00:02]} 12. Qxd3 {[%emt 0:00:01]} Rfe8 {[%emt 0:00:02]} 13. Nbd2 {[%emt 0:00:02]} Ng4 {[%emt 0:00:05]} 14. h3 {[%emt 0:00:03]} Nh6 {[%emt 0:00:02]} 15. e4 {[%emt 0:00:03]} dxe4 {[%emt 0:00:04]} 16. Nxe4 {[%emt 0:00:01]} Rad8 {[%emt 0:00:05]} 17. Rad1 {[%emt 0:00:03]} Nf6 {[%emt 0:00:04]} 18. Neg5 {[%emt 0:00:34]} Rd5 {[%emt 0:00:24]} 19. Rfe1 {[%emt 0:00:15]} Red8 {[%emt 0:00:02]} 20. Ne4 {[%emt 0:00:05]} Nf5 {[%emt 0:00:16]} 21. Nxf6+ {[%emt 0:00:03]} Bxf6 {[%emt 0:00:02]} 22. Qe4 {[%emt 0:00:02]} Qd7 {[%emt 0:00:12]} 23. g4 {[%emt 0:00:02]} Nxd4 {[%emt 0:00:02]} 24. Nxd4 {[%emt 0:00:03]} Bxd4 {[%emt 0:00:02]} 25. Bxd4 {[%emt 0:00:02]} Rxd4 {[%emt 0:00:01]} 26. Rxd4 {[%emt 0:00:02]} Qxd4 {[%emt 0:00:01]} 27. Qxd4 {[%emt 0:00:01]} Rxd4 {[%emt 0:00:01]} 28. Re3 {[%emt 0:00:05]} Kf8 {[%emt 0:00:04]} 29. Kg2 {[%emt 0:00:01]} Ke7 {[%emt 0:00:01]} 30. Kf3 {[%emt 0:00:01]} f6 {[%emt 0:00:01]} 31. h4 {[%emt 0:00:03]} h6 {[%emt 0:00:03]} 32. Rc3 {[%emt 0:00:02]} e5 {[%emt 0:00:02]} 33. Re3 {[%emt 0:00:11]} Ke6 {[%emt 0:00:02]} 34. Kg3 {[%emt 0:00:02]} Kd5 {[%emt 0:00:02]} 35. g5 {[%emt 0:00:06]} hxg5 {[%emt 0:00:04]} 36. hxg5 {[%emt 0:00:01]} Kc4 {[%emt 0:00:02]} 37. gxf6 {[%emt 0:00:03]} gxf6 {[%emt 0:00:02]} 38. Rf3 {[%emt 0:00:04]} Rd3 {[%emt 0:00:02] Duckduck gibt auf (Lag: Av=0.38s, max=0.9s)} 0-1

[Event "448. Wednesday (05.08.2020)"]
[Site "Official B"]
[Date "2020.08.05"]
[Round "6"]
[White "Alexmil2020"]
[Black "Belmonte"]
[Result "0-1"]
[WhiteElo "1416"]
[BlackElo "1387"]
[Annotator "NA"]
[PlyCount "82"]
[EventDate "2020.08.05"]
[EventType "swiss (blitz)"]

{Milgevsky, Alexander} 1. e4 {[%emt 0:00:02]} c5 {[%emt 0:00:01]} 2. Nc3 {[%emt 0:00:31]} d6 {[%emt 0:00:02]} 3. Nf3 {[%emt 0:00:01]} Nc6 {[%emt 0:00:01]} 4. Bb5 {[%emt 0:00:23]} Bd7 {[%emt 0:00:05]} 5. O-O {[%emt 0:00:05]} g6 {[%emt 0:00:01]} 6. d4 {[%emt 0:00:29]} cxd4 {[%emt 0:00:04]} 7. Nxd4 {[%emt 0:00:02]} Bg7 {[%emt 0:00:02]} 8. Nxc6 {[%emt 0:00:02]} Bxc6 {[%emt 0:00:02]} 9. Bxc6+ {[%emt 0:00:02]} bxc6 {[%emt 0:00:00]} 10. Bd2 {[%emt 0:00:03]} Nf6 {[%emt 0:00:03]} 11. Qf3 {[%emt 0:00:01]} O-O {[%emt 0:00:02]} 12. b4 {[%emt 0:00:03]} Nd7 {[%emt 0:00:08]} 13. Rab1 {[%emt 0:00:06]} Rc8 {[%emt 0:00:05]} 14. a4 {[%emt 0:00:01]} Ne5 {[%emt 0:00:09]} 15. Qe2 {[%emt 0:00:02]} Qd7 {[%emt 0:00:07]} 16. f4 {[%emt 0:00:01]} Ng4 {[%emt 0:00:08]} 17. h3 {[%emt 0:00:02]} Nf6 {[%emt 0:00:06]} 18. f5 {[%emt 0:00:01]} Nh5 {[%emt 0:00:18]} 19. fxg6 {[%emt 0:00:26]} fxg6 {[%emt 0:00:04]} 20. Rxf8+ {[%emt 0:00:02]} Rxf8 {[%emt 0:00:02]} 21. Rf1 {[%emt 0:00:01]} Rxf1+ {[%emt 0:00:19]} 22. Qxf1 {[%emt 0:00:03]} Bd4+ {[%emt 0:00:07]} 23. Kh1 {[%emt 0:00:01]} Ng3+ {[%emt 0:00:01]} 24. Kh2 {[%emt 0:00:02]} Nxf1+ {[%emt 0:00:01]} 25. Kh1 {[%emt 0:00:01]} Ng3+ {[%emt 0:00:02]} 26. Kh2 {[%emt 0:00:01]} Bxc3 {[%emt 0:00:04]} 27. Bxc3 {[%emt 0:00:01]} Nxe4 {[%emt 0:00:03]} 28. Be1 {[%emt 0:00:02]} Qe6 {[%emt 0:00:04]} 29. b5 {[%emt 0:00:03]} cxb5 {[%emt 0:00:01]} 30. axb5 {[%emt 0:00:07]} Qe5+ {[%emt 0:00:02]} 31. Kh1 {[%emt 0:00:01]} Qxb5 {[%emt 0:00:05]} 32. c3 {[%emt 0:00:04]} Qf1+ {[%emt 0:00:02]} 33. Kh2 {[%emt 0:00:01]} Qxe1 {[%emt 0:00:01]} 34. c4 {[%emt 0:00:02]} Qg3+ {[%emt 0:00:06]} 35. Kh1 {[%emt 0:00:02]} a5 {[%emt 0:00:02]} 36. c5 {[%emt 0:00:01]} dxc5 {[%emt 0:00:02]} 37. h4 {[%emt 0:00:02]} a4 {[%emt 0:00:07]} 38. h5 {[%emt 0:00:01]} a3 {[%emt 0:00:03]} 39. hxg6 {[%emt 0:00:01]} a2 {[%emt 0:00:05]} 40. gxh7+ {[%emt 0:00:01]} Kxh7 {[%emt 0:00:01]} 41. Kg1 {[%emt 0:00:01]} a1=Q# {[%emt 0:00:04] (Lag: Av=0.50s, max=0.7s)} 0-1

[Event "448. Wednesday (05.08.2020)"]
[Site "Official B"]
[Date "2020.08.05"]
[Round "6"]
[White "Rainer Günnel"]
[Black "SyWolf777"]
[Result "0-1"]
[WhiteElo "1360"]
[BlackElo "1600"]
[Annotator "NA"]
[PlyCount "74"]
[EventDate "2020.08.05"]
[EventType "swiss (blitz)"]

1. d4 {[%emt 0:00:05]} d5 {[%emt 0:00:02]} 2. c3 {[%emt 0:00:01]} Nf6 {[%emt 0:00:03]} 3. g3 {[%emt 0:00:05]} e6 {[%emt 0:00:01]} 4. Bg2 {[%emt 0:00:01]} c5 {[%emt 0:00:01]} 5. Nh3 {[%emt 0:00:05]} Nc6 {[%emt 0:00:03]} 6. O-O {[%emt 0:00:04]} Be7 {[%emt 0:00:04]} 7. e3 {[%emt 0:00:06]} O-O {[%emt 0:00:02]} 8. Nd2 {[%emt 0:00:01]} Re8 {[%emt 0:00:06]} 9. dxc5 {[%emt 0:00:04]} Bxc5 {[%emt 0:00:02]} 10. Nf3 {[%emt 0:00:01]} e5 {[%emt 0:00:12]} 11. Nd2 {[%emt 0:00:08]} e4 {[%emt 0:00:02]} 12. Nb3 {[%emt 0:00:02]} Bb6 {[%emt 0:00:04]} 13. Nd4 {[%emt 0:00:03]} Nxd4 {[%emt 0:00:04]} 14. cxd4 {[%emt 0:00:03]} Bg4 {[%emt 0:00:07]} 15. Qb3 {[%emt 0:00:14]} Ba5 {[%emt 0:00:28]} 16. Qxb7 {[%emt 0:00:13]} Be2 {[%emt 0:00:02]} 17. Ng5 {[%emt 0:00:20]} Bb6 {[%emt 0:00:39]} 18. Nxf7 {[%emt 0:00:22]} Qe7 {[%emt 0:00:25]} 19. Qxe7 {[%emt 0:00:11]} Rxe7 {[%emt 0:00:02]} 20. Re1 {[%emt 0:00:01]} Bd3 {[%emt 0:00:08]} 21. Ne5 {[%emt 0:00:15]} Bb5 {[%emt 0:00:02]} 22. Bd2 {[%emt 0:00:04]} Rc8 {[%emt 0:00:03]} 23. Rac1 {[%emt 0:00:07]} Rec7 {[%emt 0:00:02]} 24. Bh3 {[%emt 0:00:05]} Rxc1 {[%emt 0:00:05]} 25. Rxc1 {[%emt 0:00:02]} Rxc1+ {[%emt 0:00:01]} 26. Bxc1 {[%emt 0:00:01]} h6 {[%emt 0:00:07]} 27. Be6+ {[%emt 0:00:03]} Kf8 {[%emt 0:00:04]} 28. Bd2 {[%emt 0:00:14]} Ke7 {[%emt 0:00:03]} 29. Bf7 {[%emt 0:00:05]} Bc7 {[%emt 0:00:05]} 30. Bb4+ {[%emt 0:00:02]} Bd6 {[%emt 0:00:10]} 31. Bxd6+ {[%emt 0:00:12]} Kxd6 {[%emt 0:00:01]} 32. Bg6 {[%emt 0:00:04]} Ng8 {[%emt 0:00:07]} 33. b3 {[%emt 0:00:07]} Ne7 {[%emt 0:00:01]} 34. a4 {[%emt 0:00:02]} Be2 {[%emt 0:00:04]} 35. Be8 {[%emt 0:00:11]} a5 {[%emt 0:00:05]} 36. Bb5 {[%emt 0:00:20]} Bd1 {[%emt 0:00:05]} 37. Nc6 {[%emt 0:00:10]} Nxc6 {[%emt 0:00:07] Rainer Günnel gibt auf (Lag: Av=0.39s, max=0.8s)} 0-1

[Event "448. Wednesday (05.08.2020)"]
[Site "Official B"]
[Date "2020.08.05"]
[Round "6"]
[White "W Nelles"]
[Black "Vhêne"]
[Result "1-0"]
[WhiteElo "1324"]
[BlackElo "1422"]
[Annotator "NA"]
[PlyCount "109"]
[EventDate "2020.08.05"]
[EventType "swiss (blitz)"]

1. e4 {[%emt 0:00:07]} e6 {[%emt 0:00:02]} 2. d4 {[%emt 0:00:17]} d5 {[%emt 0:00:01]} 3. exd5 {[%emt 0:00:03]} exd5 {[%emt 0:00:02]} 4. Nc3 {[%emt 0:00:02]} Nf6 {[%emt 0:00:02]} 5. Qe2+ {[%emt 0:00:02]} Be6 {[%emt 0:00:02]} 6. Bg5 {[%emt 0:00:02]} Be7 {[%emt 0:00:02]} 7. Nf3 {[%emt 0:00:01]} h6 {[%emt 0:00:01]} 8. Bxf6 {[%emt 0:00:01]} Bxf6 {[%emt 0:00:01]} 9. Ne5 {[%emt 0:00:01]} O-O {[%emt 0:00:02]} 10. O-O-O {[%emt 0:00:03]} Nd7 {[%emt 0:00:10]} 11. f4 {[%emt 0:00:04]} c5 {[%emt 0:00:05]} 12. Qh5 {[%emt 0:00:11]} Nxe5 {[%emt 0:00:07]} 13. dxe5 {[%emt 0:00:04]} Be7 {[%emt 0:00:04]} 14. f5 {[%emt 0:00:03]} Bc8 {[%emt 0:00:03]} 15. Rxd5 {[%emt 0:00:10]} Bg5+ {[%emt 0:00:06]} 16. Kb1 {[%emt 0:00:07]} Qe8 {[%emt 0:00:09]} 17. Bc4 {[%emt 0:00:14]} Bxf5 {[%emt 0:00:03]} 18. Rf1 {[%emt 0:00:11]} g6 {[%emt 0:00:05]} 19. Qd1 {[%emt 0:00:06]} a6 {[%emt 0:00:17]} 20. g4 {[%emt 0:00:20]} Be6 {[%emt 0:00:05]} 21. Rxc5 {[%emt 0:00:11]} Be3 {[%emt 0:00:10]} 22. Rc7 {[%emt 0:00:11]} Rc8 {[%emt 0:00:19]} 23. Rxc8 {[%emt 0:00:07]} Bxc8 {[%emt 0:00:07]} 24. Ne4 {[%emt 0:00:07]} b5 {[%emt 0:00:05]} 25. Nf6+ {[%emt 0:00:03]} Kg7 {[%emt 0:00:07]} 26. Nxe8+ {[%emt 0:00:03]} Rxe8 {[%emt 0:00:01]} 27. Rxf7+ {[%emt 0:00:05]} Kh8 {[%emt 0:00:03]} 28. Bd3 {[%emt 0:00:09]} Be6 {[%emt 0:00:11]} 29. Rf6 {[%emt 0:00:06]} g5 {[%emt 0:00:11]} 30. Rxh6+ {[%emt 0:00:04]} Kg7 {[%emt 0:00:02]} 31. Rh7+ {[%emt 0:00:02]} Kf8 {[%emt 0:00:02]} 32. Qf3+ {[%emt 0:00:03]} Bf4 {[%emt 0:00:02]} 33. Rh8+ {[%emt 0:00:04]} Ke7 {[%emt 0:00:02]} 34. Rxe8+ {[%emt 0:00:02]} Kxe8 {[%emt 0:00:01]} 35. Qa8+ {[%emt 0:00:02]} Ke7 {[%emt 0:00:02]} 36. Qb7+ {[%emt 0:00:04]} Kf8 {[%emt 0:00:06]} 37. Bg6 {[%emt 0:00:04]} Bxh2 {[%emt 0:00:04]} 38. Qxa6 {[%emt 0:00:07]} Ke7 {[%emt 0:00:02]} 39. Qxb5 {[%emt 0:00:03]} Bxg4 {[%emt 0:00:04]} 40. Qb7+ {[%emt 0:00:05]} Ke6 {[%emt 0:00:05]} 41. Qc8+ {[%emt 0:00:04]} Kd5 {[%emt 0:00:04]} 42. Qxg4 {[%emt 0:00:02]} Bxe5 {[%emt 0:00:01]} 43. Be4+ {[%emt 0:00:04]} Kd6 {[%emt 0:00:05]} 44. c3 {[%emt 0:00:01]} Bf4 {[%emt 0:00:02]} 45. Qf5 {[%emt 0:00:02]} Kc7 {[%emt 0:00:04]} 46. Kc2 {[%emt 0:00:02]} Kd6 {[%emt 0:00:03]} 47. Kb3 {[%emt 0:00:01]} Kc7 {[%emt 0:00:01]} 48. Kc4 {[%emt 0:00:01]} Kd6 {[%emt 0:00:01]} 49. Kb5 {[%emt 0:00:01]} Ke7 {[%emt 0:00:03]} 50. Kc6 {[%emt 0:00:02]} Kd8 {[%emt 0:00:03]} 51. Qh7 {[%emt 0:00:01]} Ke8 {[%emt 0:00:04]} 52. Bg6+ {[%emt 0:00:04]} Kd8 {[%emt 0:00:03]} 53. Qg8+ {[%emt 0:00:02]} Ke7 {[%emt 0:00:02]} 54. Qf7+ {[%emt 0:00:01]} Kd8 {[%emt 0:00:02]} 55. Qe8# {[%emt 0:00:01] (Lag: Av=0.57s, max=0.8s)} 1-0

[Event "448. Wednesday (05.08.2020)"]
[Site "Official B"]
[Date "2020.08.05"]
[Round "7"]
[White "LangesNasenhaar"]
[Black "Sedarpl"]
[Result "0-1"]
[WhiteElo "2200"]
[BlackElo "2197"]
[PlyCount "67"]
[EventDate "2020.08.05"]
[EventType "swiss (blitz)"]

1. d4 {[%emt 0:00:02]} Nf6 {[%emt 0:00:05]} 2. Bg5 {[%emt 0:00:02]} e6 {[%emt 0:00:02]} 3. e4 {[%emt 0:00:02]} Be7 {[%emt 0:00:03]} 4. e5 {[%emt 0:00:02]} Nd5 {[%emt 0:00:01]} 5. Bd2 {[%emt 0:00:01]} O-O {[%emt 0:00:03]} 6. c4 {[%emt 0:00:01]} Nb6 {[%emt 0:00:02]} 7. Qg4 {[%emt 0:00:01]} f5 {[%emt 0:00:18]} 8. exf6 {[%emt 0:00:25]} Rxf6 {[%emt 0:00:02]} 9. Bd3 {[%emt 0:00:08]} d5 {[%emt 0:00:08]} 10. c5 {[%emt 0:00:06]} Na4 {[%emt 0:00:07]} 11. Qg3 {[%emt 0:01:08]} Nxb2 {[%emt 0:00:09]} 12. Bc2 {[%emt 0:00:01]} b6 {[%emt 0:00:14]} 13. Nf3 {[%emt 0:00:23]} bxc5 {[%emt 0:00:04]} 14. O-O {[%emt 0:00:06]} cxd4 {[%emt 0:00:05]} 15. Nxd4 {[%emt 0:00:11]} c5 {[%emt 0:00:01]} 16. Nf3 {[%emt 0:00:03]} Ba6 {[%emt 0:00:06]} 17. Bg5 {[%emt 0:00:12]} Bxf1 {[%emt 0:00:06]} 18. Bxf6 {[%emt 0:00:14]} Bxf6 {[%emt 0:00:02]} 19. Kxf1 {[%emt 0:00:04]} Nc4 {[%emt 0:00:02]} 20. Nc3 {[%emt 0:00:18]} Bxc3 {[%emt 0:00:04]} 21. Rd1 {[%emt 0:00:02]} Qf6 {[%emt 0:00:09]} 22. Qh3 {[%emt 0:00:01]} g6 {[%emt 0:00:05]} 23. Ng5 {[%emt 0:00:07]} Nd2+ {[%emt 0:00:21]} 24. Rxd2 {[%emt 0:00:08]} Bxd2 {[%emt 0:00:00]} 25. Qxh7+ {[%emt 0:00:06]} Kf8 {[%emt 0:00:03]} 26. Qh6+ {[%emt 0:00:19]} Ke7 {[%emt 0:00:04]} 27. Qh7+ {[%emt 0:00:01]} Kd6 {[%emt 0:00:04]} 28. Nf7+ {[%emt 0:00:07]} Kc6 {[%emt 0:00:07]} 29. Qg8 {[%emt 0:00:04]} Kd7 {[%emt 0:00:17]} 30. Ba4+ {[%emt 0:00:07]} Kc7 {[%emt 0:00:04]} 31. Qe8 {[%emt 0:00:12]} Be3 {[%emt 0:00:09]} 32. f3 {[%emt 0:00:06]} a6 {[%emt 0:00:07]} 33. Nd8 {[%emt 0:00:01]} Qxd8 {[%emt 0:00:05]} 34. Qxe6 {[%emt 0:00:02] LangesNasenhaar gibt auf (Lag: Av=0.75s, max=2.6s)} 0-1

[Event "448. Wednesday (05.08.2020)"]
[Site "Official B"]
[Date "2020.08.05"]
[Round "7"]
[White "Jhhonnyy"]
[Black "Chesstiger9"]
[Result "0-1"]
[WhiteElo "2155"]
[BlackElo "1969"]
[PlyCount "74"]
[EventDate "2020.08.05"]
[EventType "swiss (blitz)"]

{- Volkov, Yuri} 1. d4 {[%emt 0:00:04]} e6 {[%emt 0:00:06]} 2. c4 {[%emt 0:00:01]} Nf6 {[%emt 0:00:03]} 3. g3 {[%emt 0:00:01]} c5 {[%emt 0:00:02]} 4. d5 {[%emt 0:00:01]} exd5 {[%emt 0:00:01]} 5. cxd5 {[%emt 0:00:00]} d6 {[%emt 0:00:01]} 6. Nc3 {[%emt 0:00:03]} g6 {[%emt 0:00:01]} 7. Bg2 {[%emt 0:00:01]} Bg7 {[%emt 0:00:01]} 8. Nf3 {[%emt 0:00:00]} O-O {[%emt 0:00:01]} 9. O-O {[%emt 0:00:00]} Re8 {[%emt 0:00:01]} 10. Nd2 {[%emt 0:00:06]} a6 {[%emt 0:00:03]} 11. a4 {[%emt 0:00:01]} b6 {[%emt 0:00:02]} 12. Nc4 {[%emt 0:00:02]} Qe7 {[%emt 0:00:26]} 13. e4 {[%emt 0:00:11]} Nbd7 {[%emt 0:00:02]} 14. Bf4 {[%emt 0:00:02]} Ne5 {[%emt 0:00:06]} 15. Bxe5 {[%emt 0:00:02]} dxe5 {[%emt 0:00:01]} 16. Nxb6 {[%emt 0:00:01]} Rb8 {[%emt 0:00:04]} 17. a5 {[%emt 0:00:04]} Rd8 {[%emt 0:00:08]} 18. Nca4 {[%emt 0:00:03]} Bf8 {[%emt 0:00:03]} 19. Rc1 {[%emt 0:00:01]} Nd7 {[%emt 0:00:02]} 20. Qd2 {[%emt 0:00:09]} Nxb6 {[%emt 0:00:24]} 21. axb6 {[%emt 0:00:07]} Qd6 {[%emt 0:00:07]} 22. Qc3 {[%emt 0:00:11]} Bd7 {[%emt 0:00:05]} 23. Nxc5 {[%emt 0:00:01]} Qxb6 {[%emt 0:00:07]} 24. Nxd7 {[%emt 0:00:16]} Rxd7 {[%emt 0:00:02]} 25. Qxe5 {[%emt 0:00:00]} Qxb2 {[%emt 0:00:10] Chesstiger9 offers a draw} 26. Qxb2 {[%emt 0:00:04]} Rxb2 {[%emt 0:00:02]} 27. Rc8 {[%emt 0:00:06]} Kg7 {[%emt 0:00:04]} 28. Rfc1 {[%emt 0:00:07]} Bd6 {[%emt 0:00:12]} 29. R8c6 {[%emt 0:00:07]} a5 {[%emt 0:00:04]} 30. Ra6 {[%emt 0:00:02]} Ra2 {[%emt 0:00:19]} 31. f4 {[%emt 0:00:32]} f6 {[%emt 0:00:08]} 32. Bh3 {[%emt 0:00:06]} Rd8 {[%emt 0:00:04]} 33. Be6 {[%emt 0:00:10]} a4 {[%emt 0:00:10]} 34. Rcc6 {[%emt 0:00:02]} Rb8 {[%emt 0:00:14]} 35. Rc1 {[%emt 0:00:11]} Bc5+ {[%emt 0:00:08]} 36. Kf1 {[%emt 0:00:25]} Rxh2 {[%emt 0:00:16]} 37. Ke1 {[%emt 0:00:21]} Rbb2 {[%emt 0:00:04] Jhhonnyy gibt auf (Lag: Av=0.50s, max=1.6s)} 0-1